000 00255nam a2200097Ia 4500
001 644275
005 20250826153601.0
008 250824s9999 xx 000 0 und d
245 0 _aCEMRE ÖNCE KALBE DÜŞER
_cAHMED GÜNBAY YILDIZ
260 _bTİMAŞ KÜLTÜR
999 _c644275
_d644275